000 00586nam a2200229Ia 4500
003 OSt
005 20221007075039.0
006 a|||||r|||| 00| 0
007 ta
008 221006b |||||||| |||| 00| 0 eng d
024 _a19,742
037 _cTextual
040 _aFLL
_cFLL
_beng
041 _2eng
_aeng
082 _aZ2,5y7, N9
100 _aGaur K.D. Au.
_9684096
245 0 _aCriminal law
260 _aNew Delhi
_bButterworths India
_c1999
300 _axliii,820p
_ccm.
942 _hZ2,5y7, N9
_cTEXL
_2CC
999 _c1154619
_d1154619